MARC details
| 000 -CABECERA |
| campo de control de longitud fija |
01688nam a22002777a 4500 |
| 003 - IDENTIFICADOR DEL NÚMERO DE CONTROL |
| campo de control |
OSt |
| 005 - FECHA Y HORA DE LA ÚLTIMA TRANSACCIÓN |
| campo de control |
20251103163721.0 |
| 008 - DATOS DE LONGITUD FIJA--INFORMACIÓN GENERAL |
| campo de control de longitud fija |
250910b |||||||| |||| 00| 0 eng d |
| 020 ## - NÚMERO INTERNACIONAL ESTÁNDAR DEL LIBRO |
| Número Internacional Estándar del Libro |
1869-814X |
| 020 ## - NÚMERO INTERNACIONAL ESTÁNDAR DEL LIBRO |
| Número Internacional Estándar del Libro |
1869-8182 |
| 040 ## - FUENTE DE LA CATALOGACIÓN |
| Centro catalogador/agencia de origen |
English |
| Centro/agencia transcriptor |
tbs |
| 041 ## - CÓDIGO DE LENGUA |
| Código de lengua del texto/banda sonora o título independiente |
English |
| 100 ## - ENTRADA PRINCIPAL--NOMBRE DE PERSONA |
| Nombre de persona |
Keller, Kevin Lane |
| Fechas asociadas al nombre |
1956- |
| 9 (RLIN) |
2447 |
| 245 ## - MENCIÓN DE TÍTULO |
| Título |
Reflections on customer-based brand equity |
| Mención de responsabilidad, etc. |
/ Kevin Lane Keller |
| Resto del título |
: perspectives, progress, and priorities |
| 260 ## - PUBLICACIÓN, DISTRIBUCIÓN, ETC. |
| Nombre del editor, distribuidor, etc. |
AMS Review |
| Fecha de publicación, distribución, etc. |
2016 |
| 362 ## - FECHAS DE PUBLICACIÓN Y/O DESIGNACIÓN SECUENCIAL |
| Fecha de publicación y/o designación secuencial |
AMS Review. Volume 6, pages 1–16, (2016) |
| 520 ## - SUMARIO, ETC. |
| Sumario, etc. |
“Conceptualizing, Measuring, and Managing Customer-Based Brand Equity,” published in the Journal of Marketing in 1993, was one of the early thought pieces and review papers on branding in the field. Written to be a comprehensive bridge between the theory and practice of branding, it has received a large number of citations and several awards through the years. Here, I look back at that article and provide some perspective as to how it was developed, highlighting some of its main contributions. I also outline some of my subsequent related branding research, as well as that of others. Finally, I consider some future research priorities in branding, putting emphasis on the online and digital developments that have occurred since the publication of the article. |
| 653 ## - TÉRMINO DE INDIZACIÓN--NO CONTROLADO |
| Término no controlado |
Consumer Behavior |
| 653 ## - TÉRMINO DE INDIZACIÓN--NO CONTROLADO |
| Término no controlado |
Historiography and Method |
| 653 ## - TÉRMINO DE INDIZACIÓN--NO CONTROLADO |
| Término no controlado |
Mixed Methods |
| 653 ## - TÉRMINO DE INDIZACIÓN--NO CONTROLADO |
| Término no controlado |
Research Methods in Language and Linguistics |
| 653 ## - TÉRMINO DE INDIZACIÓN--NO CONTROLADO |
| Término no controlado |
Survey Methodology |
| 653 ## - TÉRMINO DE INDIZACIÓN--NO CONTROLADO |
| Término no controlado |
Market Research and Competitive Intelligence |
| 856 ## - LOCALIZACIÓN Y ACCESO ELECTRÓNICOS |
| Identificador Uniforme del Recurso |
<a href="https://link-springer-com.hub.tbs-education.fr/article/10.1007/s13162-016-0078-z">https://link-springer-com.hub.tbs-education.fr/article/10.1007/s13162-016-0078-z</a> |
| 942 ## - ELEMENTOS DE ENTRADA AGREGADA (KOHA) |
| Fuente del sistema de clasificación o colocación |
Clasificación de Library of Congress |